Dokumentumok. Szerződés a Magyar Köztársaság és Románia között a megértésről, az együttműködésről és a jószomszédságról
Elmentve itt :
| Szerző: | |
|---|---|
| Adatforrás: | Meister |
| Forrásdokumentuma: | Magyar Kisebbség. - 4 sz., 1996, 59-69 p. |
| Nyelv: | magyar |
| Kulcsszavak: | nemzetközi jog politikatörténet politikai dokumentumok alapszerződések magyar-román alapszerződés |
| LEADER | 00575nab a2200169 i 4500 | ||
|---|---|---|---|
| 001 | bibPRO00003878 | ||
| 008 | 060524s1996 xx hun | ||
| 040 | |a Sz1 | ||
| 041 | |a hun | ||
| 100 | 1 | |a ZZZ | |
| 245 | 1 | 0 | |a Dokumentumok. Szerződés a Magyar Köztársaság és Románia között a megértésről, az együttműködésről és a jószomszédságról |c ZZZ |
| 695 | |a nemzetközi jog | ||
| 695 | |a politikatörténet | ||
| 695 | |a politikai dokumentumok | ||
| 695 | |a alapszerződések | ||
| 695 | |a magyar-román alapszerződés | ||
| 773 | 0 | |t Magyar Kisebbség. - |g 4 sz., 1996, 59-69 p. | |